Building the data warehouse /

Guardado en:
Autor Principal: Inmon, William H.
Formato: Libro
Idioma:English
Publicado: Indianapolis, Ind. : Wiley, c2005.
Edición:4th ed.
Materias:
Acceso en línea:Descripción
Biografía del autor
Tabla de contenido
Etiquetas: Agregar Etiqueta
Sin Etiquetas, Sea el primero en etiquetar este registro!
LEADER 01201cam a22002895a 4500
001 EIQ.libpla002771
008 060313s2005####inua#####b####001#0#eng#d
005 20071217160649.0
245 1 0 |a Building the data warehouse /  |c W.H. Inmon. 
250 |a 4th ed. 
260 |a Indianapolis, Ind. :  |b Wiley,  |c c2005. 
300 |a xxviii, 543 p. :  |b il. ;  |c 24 cm. 
504 |a Incluye referencia bibliográfica (p. 507-516) e índice. 
020 |a 0764599445 (pbk.) 
100 1 |a Inmon, William H. 
650 4 |a Almacenamiento de datos  |x Diseño. 
650 4 |a Almacenamiento de datos  |x Tecnología. 
650 4 |a Gestión de base de datos  |x Almacenamiento de datos. 
650 4 |a Data warehousing  |x Design. 
650 4 |a Data warehousing  |x Technology. 
650 4 |a Database management  |x Data warehousing. 
010 |a  2006273491 
040 |a DLC  |c DLC  |d AR-BbSID 
856 4 2 |3 Descripción  |u http://www.loc.gov/catdir/enhancements/fy0645/2006273491-d.html 
856 4 2 |3 Biografía del autor  |u http://www.loc.gov/catdir/enhancements/fy0645/2006273491-b.html 
856 4 1 |3 Tabla de contenido  |u http://www.loc.gov/catdir/enhancements/fy0659/2006273491-t.html 
859 |a AR-BbSID  |b BIB. PLAPIQUI  |h 658.403 8  |i In 6  |p 6011